00386 2200145 4500001002100000005001500021035002000036245008300056100002100139300001200160260003400172082000800206084001400214990001200228INLIS00000000000234820250528104326 a0010-05250006401 a500 Kumpulan Kata - Kata Mutiara Indonesia/Inggris /cDrs. H. Adang Doerachman0 aAdang Doerachman a144 hlm aJakarta :bYrama Widya,c2005 a400 a400 ADA l a0712346